书目信息 |
| 题名: |
工程图学基础教程
|
|
| 作者: | 叶琳 主编 | |
| 分册: | ||
| 出版信息: | 北京 机械工业出版社 2001.07 |
|
| 页数: | 258页 | |
| 开本: | 26cm | |
| 丛书名: | ||
| 单 册: | ||
| 中图分类: | TB23 | |
| 科图分类: | ||
| 主题词: | 工程制图--gong cheng zhi tu--高等教育--教材 | |
| 电子资源: | ||
| ISBN: | 7-111-08750-X | |
| 000 | 00778nam0 2200241 450 | |
| 001 | 012008586994 | |
| 005 | 20080112141255.03 | |
| 010 | @a7-111-08750-X@dCNY23.00 | |
| 100 | @a20080111d2001 em y0chiy0120 ea | |
| 101 | 0 | @achi |
| 102 | @aCN@b110000 | |
| 105 | @aa z 000yy | |
| 106 | @ar | |
| 200 | 1 | @a工程图学基础教程@Agong cheng tu xue ji chu jiao cheng@f叶琳主编@Fye lin zhu bian |
| 210 | @a北京@c机械工业出版社@d2001.07 | |
| 215 | @a258页@c图@d26cm | |
| 300 | @a普通高等教育规划教材 | |
| 330 | @a本书内容有:制图基本知识、立体及立体表面的交线、组合体的视图与尺寸标注、计算机绘图等。 | |
| 606 | 0 | @a工程制图@Agong cheng zhi tu@x高等教育@j教材 |
| 690 | @aTB23@v4 | |
| 701 | 0 | @a叶琳@Aye lin@4主编 |
| 801 | 0 | @aCN@bQSSK@c20080112 |
| 905 | @b277264-66@dTB23@eY441@f3 | |
| 工程图学基础教程/叶琳主编.-北京:机械工业出版社,2001.07 |
| 258页:图;26cm |
| 普通高等教育规划教材 |
| ISBN 7-111-08750-X:CNY23.00 |
| 本书内容有:制图基本知识、立体及立体表面的交线、组合体的视图与尺寸标注、计算机绘图等。 |
| ● |
| 相关链接 |
|
|
|
正题名:工程图学基础教程
索取号:TB23/Y441
 
预约/预借
| 序号 | 登录号 | 条形码 | 馆藏地/架位号 | 状态 | 备注 |
| 1 | 277264 | 202772641 | 期刊室512/501自科库 6排3列4层/ [索取号:TB23/Y441] | 在馆 | |
| 2 | 277265 | 202772650 | 自科库501/501自科库 6排3列4层/ [索取号:TB23/Y441] | 在馆 | |
| 3 | 277266 | 202772669 | 自科库501/501自科库 6排3列4层/ [索取号:TB23/Y441] | 在馆 |